External debt statistics supplement

Salvato in:
Dettagli Bibliografici
Natura: Libro
Lingua:inglese
francese
Pubblicazione: Paris OECD 1999
Soggetti:
Tags: Aggiungi Tag
Nessun Tag, puoi essere il primo ad aggiungerne!!

MARC

LEADER 00000nam a2200000 4500
001 c119899
005 20240104114811.1
020 |a 92-64-05861-3 
041 0 |a eng 
041 0 |a fre 
044 |a FR 
245 1 0 |a External debt statistics  |b supplement 
264 1 |a Paris  |b OECD  |c 1999 
300 |a 206 s. 
610 2 0 |a dlhy 
610 2 0 |a zadlženosť zahraničná 
610 2 0 |a údaje štatistické medzinárodné 
610 2 0 |a porovnanie štatistické medzinárodné